Core Statutes on Criminal Law 2020-2021 / (Record no. 613786)

000 -LEADER
fixed length control field 00337nam a22001337a 4500
020 ## - INTERNATIONAL STANDARD BOOK NUMBER
International Standard Book Number 9781352010718
082 ## - DEWEY DECIMAL CLASSIFICATION NUMBER
Classification number 345.41
Author Mark JAM
100 ## - MAIN ENTRY--PERSONAL NAME
Personal name James, Mark
245 ## - TITLE STATEMENT
Title Core Statutes on Criminal Law 2020-2021 /
Statement of responsibility, etc. Mark James
260 ## - PUBLICATION, DISTRIBUTION, ETC.
Place of publication, distribution, etc. London:
Name of publisher, distributor, etc. Red Globe Press,
Date of publication, distribution, etc. 2020.
300 ## - PHYSICAL DESCRIPTION
Extent 218 p.
563 ## - BINDING INFORMATION
Binding note PB.
942 ## - ADDED ENTRY ELEMENTS (KOHA)
Source of classification or shelving scheme
Koha item type Book
Holdings
Withdrawn status Lost status Source of classification or shelving scheme Damaged status Not for loan Permanent Location Current Location Date acquired Total Checkouts Full call number Barcode Date last seen Price effective from Koha item type
          NUST Law School (NLS) NUST Law School (NLS) 05/20/2025   345.41 JAM NLSD-111 05/20/2025 05/20/2025 Book
© 2023 Central Library, National University of Sciences and Technology. All Rights Reserved.